000 00627nam a2200229Ia 4500
003 OSt
005 20220926005546.0
006 a|||||r|||| 00| 0
007 ta
008 220923b |||||||| |||| 00| 0 eng d
037 _cGeneral Book
040 _aRTL
_cRTL
_beng
041 _2eng
_aeng
082 _aS4, K9/TD
100 _aChatterjee N R
_9138991
245 0 _aIndustrial psychology
260 _a New Delhi
_bSudha Publications India
_c1969
300 _axv, 401p.
_ccm.
650 _aVocational Psychology
942 _hS4, K9/TD
_cGB
_2CC
999 _c614274
_d614274